Present conduct and future delinquency: first report of the Cambridge Study in Delinquent Development (Record no. 413135)

000 -LEADER
fixed length control field 00424cam a22001337a 4500
008 - FIXED-LENGTH DATA ELEMENTS--GENERAL INFORMATION
fixed length control field 180718b1969 xxu||||| |||| 00| 0 eng d
020 ## - INTERNATIONAL STANDARD BOOK NUMBER
International Standard Book Number 435 82936 X
082 ## - DEWEY DECIMAL CLASSIFICATION NUMBER
Classification number Q37 W52
100 ## - MAIN ENTRY--PERSONAL NAME
Personal name West, D.J.
245 ## - TITLE STATEMENT
Title Present conduct and future delinquency: first report of the Cambridge Study in Delinquent Development
Statement of responsibility, etc. by D.J. West
260 ## - PUBLICATION, DISTRIBUTION, ETC.
Place of publication, distribution, etc. London
Name of publisher, distributor, etc. Heinemann
Date of publication, distribution, etc. 1969
300 ## - PHYSICAL DESCRIPTION
Extent xvi, 207p
650 ## - SUBJECT ADDED ENTRY--TOPICAL TERM
Topical term or geographic name entry element Juvenile delinquency.
Holdings
Withdrawn status Lost status Damaged status Not for loan Permanent Location Current Location Date acquired Full call number Barcode Date last seen Price effective from Koha item type
        Indian Institute of Public Administration Indian Institute of Public Administration 2009-02-11 Q37 W52 U15 2018-07-21 2018-07-21 U

Powered by Koha